Statistiques concernant Les 20 préfectures les plus proches de Nevers

Cliquez ici pour prendre le quiz!

Statistiques générales

  • Ce quiz a été pris 84 fois
  • Le résultat moyen est 14 sur 20

Statistiques - réponses

distance (en km)ville préfecture% Correct
181Bourg en Bresse
96%
147Dijon
95%
95Auxerre
90%
58Bourges
88%
188Lyon
83%
49Moulins
83%
135Clermont-Ferrand
82%
139Orléans
81%
149Macon
78%
192Tours
72%
161Troyes
69%
197Saint-Etienne
63%
153Blois
62%
177Melun
60%
114Chateauroux
59%
186Lons le Saunier
53%
194Chaumont
49%
191Evry Courcouronnes
49%
134Gueret
49%
194Limoges
41%

Distribution des résultats

Percentile par nombre de réponses

% des personnes avec chaque résultat

Votre développement - résultats

Vous n’avez pas pris ce quiz